[Event "AUTO-OPEN-2215"]
[Site "http://www.queenalice.com/game.php?id=880028"]
[Date "2011.1.2"]
[Round "1"]
[White "DouglasFis"]
[Black "UKopra"]
[Result "0-1"]
[WhiteElo "1500"]
[BlackElo "1783"]

1. e4 e6 2. Nc3 d5 3. d4 Bb4 4. Bd2 c5 5. dxc5 d4 6. Nce2 Bxc5 7. b4 Bd6 8. Nxd4
Nf6 9. Bb5+ Bd7 10. e5 Bxe5 11. Be3 Bxb5 12. Nxe6 fxe6 13. Qf3 Bxa1 14. Ne2 Bxe2
15. Qxe2 Bc3+ 16. Kf1 Ne4 17. Bf4 Nd2+ 18. Kg1 O-O 19. h3 Rxf4 20. Kh2 Qd6 21.
g3 Re4 22. Qh5 Nc6 0-1

[Event "AUTO-OPEN-2215"]
[Site "http://www.queenalice.com/game.php?id=880029"]
[Date "2011.1.2"]
[Round "1"]
[White "UKopra"]
[Black "DouglasFis"]
[Result "1-0"]
[WhiteElo "1788"]
[BlackElo "1442"]

1. d4 d5 2. c4 Nf6 3. Nf3 e6 4. e3 Be7 5. Nc3 b6 6. Be2 O-O 7. O-O Nc6 8. cxd5
exd5 9. Bb5 Na5 10. Bd2 Nc4 11. Bc6 Nxb2 12. Qc2 Nc4 13. Bxa8 Ba6 14. Bxd5 Nxd2
15. Rfd1 Nxf3+ 16. Bxf3 c5 17. d5 Bd6 18. e4 Re8 19. Qa4 Bb7 20. Qxa7 Bc8 21.
Rab1 Re7 22. Qxb6 Qe8 23. Qxd6 c4 24. Rb8 Qd7 25. Qxd7 Rxd7 26. Rxc8+ Ne8 27.
Rxe8# 1-0

[Event "AUTO-OPEN-2215"]
[Site "http://www.queenalice.com/game.php?id=880030"]
[Date "2011.1.2"]
[Round "1"]
[White "DouglasFis"]
[Black "art"]
[Result "0-1"]
[WhiteElo "1302"]
[BlackElo "1852"]

1. e4 e5 2. Nf3 Nc6 3. Nc3 Nf6 4. d3 Bb4 5. Bd2 d6 6. a3 Ba5 7. b4 Bb6 8. h3 h6
9. Be2 O-O 10. b5 Nd4 0-1

[Event "AUTO-OPEN-2215"]
[Site "http://www.queenalice.com/game.php?id=880031"]
[Date "2011.1.2"]
[Round "1"]
[White "art"]
[Black "DouglasFis"]
[Result "1-0"]
[WhiteElo "1854"]
[BlackElo "1302"]

1. e4 d6 2. d4 Nf6 3. Nc3 Nc6 4. Nf3 e5 5. dxe5 dxe5 6. Qxd8+ Nxd8 7. Nxe5 Bd6
8. Nc4 Be7 9. Bf4 a6 10. Bd3 Nc6 11. Bxc7 1-0

[Event "AUTO-INT-2250"]
[Site "http://www.queenalice.com/game.php?id=1028690"]
[Date "2012.2.10"]
[Round "1"]
[White "kumite"]
[Black "DouglasFis"]
[Result "0-1"]
[WhiteElo "1459"]
[BlackElo "1310"]

1. g3 Nc6 2. Bg2 e5 3. a4 Bc5 4. Nf3 Nf6 5. a5 a6 6. Ng5 Qe7 7. d3 h6 8. Nh3 d6
9. Nc3 O-O 10. Na2 Be6 11. c3 Rab8 12. d4 exd4 13. cxd4 Nxd4 14. b4 Ba7 15. O-O
Nb3 16. Rb1 Nxc1 0-1

[Event "AUTO-INT-2250"]
[Site "http://www.queenalice.com/game.php?id=1028691"]
[Date "2012.2.10"]
[Round "1"]
[White "DouglasFis"]
[Black "kumite"]
[Result "1-0"]
[WhiteElo "1281"]
[BlackElo "1459"]

1. e4 g6 2. b3 Bg7 3. Nc3 a5 4. Bc4 Nh6 5. h3 d6 6. Nf3 a4 7. b4 c5 8. bxc5 dxc5
9. d3 Bxc3+ 10. Bd2 Bxa1 11. c3 Bb2 12. Qb1 a3 13. O-O Bd7 14. Bxh6 Bxc3 15.
Qxb7 Nc6 16. Qb5 1-0

[Event "AUTO-INT-2250"]
[Site "http://www.queenalice.com/game.php?id=1028702"]
[Date "2012.2.10"]
[Round "1"]
[White "andrehi"]
[Black "DouglasFis"]
[Result "1-0"]
[WhiteElo "1543"]
[BlackElo "1291"]

1. e4 c5 2. Bc4 Nc6 3. Nf3 Nf6 4. d3 e5 5. Ng5 Qe7 6. Bxf7+ Kd8 7. Bc4 h6 8.
Nf7+ Kc7 9. Nxh8 Nd8 10. Ng6 Qd6 11. Nc3 Ne6 12. Nb5+ Kb8 13. Nxd6 Bxd6 14. Bxe6
dxe6 15. O-O h5 16. Bg5 Ng8 17. Qxh5 a5 18. Qh7 Ne7 19. Nxe7 Bxe7 20. Bxe7 a4
21. Qxg7 Bd7 22. Bxc5 Kc7 23. Qxe5+ Kd8 24. Qh8+ Be8 25. b3 a3 26. Qh7 Kc8 27.
Bb6 1-0

[Event "AUTO-INT-2250"]
[Site "http://www.queenalice.com/game.php?id=1028703"]
[Date "2012.2.10"]
[Round "1"]
[White "DouglasFis"]
[Black "andrehi"]
[Result "0-1"]
[WhiteElo "1302"]
[BlackElo "1536"]

1. e4 e5 2. Nf3 Nc6 3. Nc3 Bc5 4. g3 d6 5. Bc4 Qf6 6. Nd5 Qd8 7. d3 Nb4 8. Ng5
h6 9. Nxf7 Kxf7 10. Qf3+ Nf6 11. Nxf6+ Be6 12. Nd5+ Ke8 13. Qh5+ Kd7 14. Bb5+ c6
15. Ba4 Nxd5 16. exd5 Bxd5 17. Be3 Bxe3 18. fxe3 Bxh1 19. Qf5+ Kc7 20. e4 Rf8
21. Qh3 Qf6 22. Kd2 b5 23. Rf1 Qxf1 24. Qxf1 Rxf1 0-1

[Event "AUTO-INT-2250"]
[Site "http://www.queenalice.com/game.php?id=1028708"]
[Date "2012.2.10"]
[Round "1"]
[White "lani"]
[Black "DouglasFis"]
[Result "1-0"]
[WhiteElo "1774"]
[BlackElo "1281"]

1. e4 e5 2. Nf3 Nc6 3. Bc4 Nf6 4. d3 h6 5. Nc3 Bc5 6. h3 Nd4 7. Nb5 Nxb5 8. Bxb5
a6 9. Ba4 b5 10. Bb3 c6 11. Nxe5 Ba7 12. Nxf7 Qb6 13. Be3 Qa5+ 14. Bd2 Qb6 15.
O-O Rf8 16. Nd6+ Kd8 17. Nxc8 Rxc8 18. Be3 Qc7 19. Bxa7 Qxa7 20. c3 c5 21. Bc2
Qc7 22. f4 g6 23. a3 h5 24. Rf2 h4 25. d4 cxd4 26. Qxd4 Ng8 27. Rd1 Rf7 28. e5
Re7 29. Bxg6 Re6 30. Bf5 Re7 31. Rfd2 Ke8 32. Bxd7+ Rxd7 33. Qxd7+ Qxd7 34. Rxd7
Kf8 35. Rd8+ Rxd8 36. Rxd8+ Kf7 37. Rxg8 Kxg8 38. Kf2 Kg7 39. f5 Kf7 40. Kf3 Ke7
41. Kg4 Kf7 42. Kxh4 Ke7 43. Kg5 Kf7 44. Kh6 a5 45. g4 a4 46. g5 Ke7 47. g6 1-0

[Event "AUTO-INT-2250"]
[Site "http://www.queenalice.com/game.php?id=1028709"]
[Date "2012.2.10"]
[Round "1"]
[White "DouglasFis"]
[Black "lani"]
[Result "1-0"]
[WhiteElo "1281"]
[BlackElo "1710"]

1. e4 e5 2. Nf3 Nf6 3. Nc3 Bb4 4. Bc4 Nc6 5. Ng5 d5 6. Bb3 h6 7. exd5 Nxd5 8.
Nxf7 Nxc3 9. bxc3 Qf6 10. f3 Rf8 11. cxb4 Be6 12. Bb2 Rxf7 13. Bxe6 Qxe6 14. Qe2
O-O-O 15. O-O Nxb4 16. d3 Re8 17. Rab1 Nc6 18. a3 Nd4 19. Qd2 Qb6 20. Kh1 g5 21.
Bxd4 exd4 22. Rxb6 cxb6 23. Qb4 Rfe7 24. h3 Re2 25. Rg1 Rxc2 26. Qxd4 Kb8 27. f4
g4 28. hxg4 Rce2 29. Kh2 Rc8 30. Qd6+ Ka8 31. Rc1 Rce8 32. Rc7 R2e6 33. Qd7 1-0

[Event "AUTO-INT-2253"]
[Site "http://www.queenalice.com/game.php?id=1029798"]
[Date "2012.2.15"]
[Round "1"]
[White "anafab"]
[Black "DouglasFis"]
[Result "1-0"]
[WhiteElo "2046"]
[BlackElo "1281"]

1. d4 Nf6 2. Nc3 d5 3. e4 c6 4. e5 Ne4 5. Nxe4 dxe4 6. Bc4 e6 7. Ne2 Be7 8. O-O
O-O 9. Ng3 b5 10. Bb3 c5 11. dxc5 Bxc5 12. Qg4 g6 13. Bh6 Re8 14. Nxe4 Bf8 15.
Nf6+ Kh8 16. Qh4 1-0

[Event "AUTO-INT-2253"]
[Site "http://www.queenalice.com/game.php?id=1029799"]
[Date "2012.2.15"]
[Round "1"]
[White "DouglasFis"]
[Black "anafab"]
[Result "0-1"]
[WhiteElo "1281"]
[BlackElo "1957"]

1. e4 e5 2. Nf3 d5 3. Bd3 dxe4 4. Bxe4 f5 5. Bd3 e4 6. Be2 exf3 7. Bxf3 Nf6 8.
h3 Be7 9. d3 Nc6 10. a3 O-O 11. O-O Nd4 12. Nd2 Nxf3+ 13. Nxf3 b5 14. Ne5 Bb7
15. b4 Qd4 16. Bd2 Qxe5 17. Re1 Qd5 18. Rxe7 Qxg2# 0-1

[Event "AUTO-INT-2253"]
[Site "http://www.queenalice.com/game.php?id=1029810"]
[Date "2012.2.15"]
[Round "1"]
[White "DIVAMOIS"]
[Black "DouglasFis"]
[Result "0-1"]
[WhiteElo "1386"]
[BlackElo "1356"]

1. e3 e5 2. Qh5 Qe7 3. Bc4 g6 4. Qf3 Nf6 5. g4 h6 6. b3 c6 7. Ba3 Qd8 8. Bb2 d5
9. Bxe5 Nbd7 10. Bxf6 Nxf6 11. Bd3 Bxg4 12. Qf4 Bd6 0-1

[Event "AUTO-INT-2253"]
[Site "http://www.queenalice.com/game.php?id=1029811"]
[Date "2012.2.15"]
[Round "1"]
[White "DouglasFis"]
[Black "DIVAMOIS"]
[Result "1-0"]
[WhiteElo "1336"]
[BlackElo "1386"]

1. e4 e5 2. Nf3 Qf6 3. d3 h5 4. Nc3 Bb4 5. a3 Bc5 6. Na4 Bd6 7. d4 Qg6 8. Nc3 c6
9. g3 f6 10. Nh4 Qf7 11. dxe5 Bxe5 12. Nf5 d5 13. f3 1-0

[Event "AUTO-INT-2253"]
[Site "http://www.queenalice.com/game.php?id=1029816"]
[Date "2012.2.15"]
[Round "1"]
[White "danieldignet"]
[Black "DouglasFis"]
[Result "1-0"]
[WhiteElo "1533"]
[BlackElo "1375"]

1. b3 Nf6 2. Bb2 d5 3. d4 Nc6 4. g3 g6 5. Bg2 e6 6. Nf3 Bd6 7. O-O O-O 8. c4 Re8
9. Nbd2 b6 10. Re1 Ne4 11. Nxe4 dxe4 12. Nd2 Bb4 13. Bxe4 Bb7 14. a3 Be7 15. d5
Qd6 16. dxc6 Bxc6 17. Qc1 Bg5 18. Qc3 Bxd2 19. Qg7# 1-0

[Event "AUTO-INT-2253"]
[Site "http://www.queenalice.com/game.php?id=1029817"]
[Date "2012.2.15"]
[Round "1"]
[White "DouglasFis"]
[Black "danieldignet"]
[Result "0-1"]
[WhiteElo "1365"]
[BlackElo "1660"]

1. e4 c5 2. Nf3 e6 3. Nc3 d6 4. d3 e5 5. Be3 Nf6 6. h3 Be7 7. b3 O-O 8. Be2 Nc6
9. Nb5 a6 10. Nc3 Qc7 11. O-O Be6 12. Ng5 Bc8 13. a3 Bd7 14. Rb1 h6 15. Nf3 Nd4
16. Nh2 Rfe8 17. Qd2 Rac8 18. Bd1 Be6 19. Qc1 b5 20. Bd2 b4 21. axb4 cxb4 22.
Na4 d5 23. Re1 dxe4 24. dxe4 Nxc2 25. Bxc2 Qxc2 26. Qxc2 Rxc2 27. Nf3 a5 28. Be3
Nxe4 29. h4 Nc5 30. Bxc5 Bxc5 31. Nxc5 Rxc5 32. Nxe5 Bxb3 33. Nd3 Rxe1+ 34. Rxe1
Rc3 35. Nc1 a4 36. Ne2 Rc4 37. g3 Re4 38. f3 Re7 39. Kf2 Bc4 40. f4 a3 0-1